000 00777nas a2200265 4500
001 BR7903632
003 BR-BrBNA
005 20231205083805.0
007 ta
008 230509b bl.|||p| |||| 00| 00por d
040 _aBR-BrBNA
_bpor
_cBiblioteca Nacional de Agricultura
041 _a(Pt)
072 _aH00; F00
100 1 _aCovolo, L.
100 1 _aDariva, T.
100 1 _aMachado, S.L. de O.
245 1 _aCompeticao de herbicidas em sistema de plantio direto do milho [Zea mays]
650 _aMILHO
650 _aHERBICIDA
650 _aPLANTIO DIRETO
650 _aCONTROLE QUIMICO
773 0 _tLavoura Arrozeira (Brazil)
_xISSN 0023-9143
_g(Jan 1979), v. 32(311) p. 57-59
_wBR7903632
909 _a202311
_bLúcia
_c55
_dLúcia Elande
942 _2AGRIS
_n0
_cANA
999 _c101207
_d101207